منا ظر عا شق ہر گا نو ی کا نا و ل "شبنمی لمس کے بعد"ا يک ڈ سکو ر س (Record no. 176287)

MARC details
000 -LEADER
fixed length control field 00838nam a22001937a 4500
005 - DATE AND TIME OF LATEST TRANSACTION
control field 20201230151017.0
010 ## - LCCN (DPL NO)
LC control number UR-10961
020 ## - INTERNATIONAL STANDARD BOOK NUMBER
Terms of availability 250.00
International Standard Book Number 9789390100293
035 ## - SYSTEM CONTROL NUMBER
System control number U-9516
037 ## - SOURCE OF ACQUISITION
Source of stock number/acquisition DBAD/PUB
082 ## - DEWEY DECIMAL CLASSIFICATION NUMBER
Classification number 843.08
100 ## - MAIN ENTRY--PERSONAL NAME
Personal name محی ا لد ين زور کشمير ی
245 ## - TITLE STATEMENT
Title منا ظر عا شق ہر گا نو ی کا نا و ل "شبنمی لمس کے بعد"ا يک ڈ سکو ر س
Statement of responsibility, etc محی ا لد ين زور کشمير ی
246 ## - VARYING FORM OF TITLE
Remainder of title ‏Manazir Ashiq Harganvi Ka Novel "Shabnami Lams Ke Bad"Ek Discourse (Urdu)
Title proper/short title Mohiuddin Zore Kashmiri
260 ## - PUBLICATION, DISTRIBUTION, ETC. (IMPRINT)
Place of publication, distribution, etc N.Delhi
Name of publisher, distributor, etc Educational Publishing House
Date of publication, distribution, etc 2020 ء
270 ## - ADDRESS
Address H.O.D1/16,Ansari Road,Darya ganj,
City N.Delhi
Postal code 110002
Telephone number 45678285,23216162
Fax number 0091-11-23211540
300 ## - PHYSICAL DESCRIPTION
Extent 312 ص
Dimensions 22 Cm(Hb)
942 ## - ADDED ENTRY ELEMENTS (KOHA)
Source of classification or shelving scheme Dewey Decimal Classification
Item type Urdu Bks
Classification part 843.08
Call number suffix م ح ی
Holdings
Withdrawn status Lost status Not for loan Collection code Home library Current library Date acquired Source of acquisition Cost, normal purchase price Full call number Barcode Copy number Cost, replacement price Koha item type
      Non-fiction D.B.Act.Division D.B.Act.Division 10/12/2020 DBAD/PUB 250.00 843.08 م ح ی U-9516 1 250.00 Urdu Bks

© Delhi Public Library
Hit Counter
free hit counter